000 00292nam a22001217a 4500
040 _c333
082 _a333 COL 1989 C090
100 _aCOLIN PRICE
245 _aThe theory and application of forest economics
260 _aPhnom Penh
_bCOL
_c1989
300 _a402p.
_bill.
_c29cm.
942 _cEK
999 _c11119
_d11119